Books of the Bible - Statistics

General Stats
  • This quiz has been taken 46 times
  • The average score is 29 of 66
Answer Stats
Answer % Correct
Exodus
94%
1 John
78%
2 John
78%
3 John
78%
John
78%
Leviticus
78%
Matthew
78%
Numbers
78%
Mark
75%
Genesis
72%
Psalms
72%
Luke
69%
Deuteronomy
63%
Job
63%
Roman
63%
Ruth
59%
Acts
56%
Joshua
56%
Proverbs
56%
1 Peter
53%
2 Peter
53%
1 Kings
50%
2 Kings
50%
Jeremiah
47%
Judges
47%
1 Corinthians
44%
1 Samuel
44%
2 Corinthians
44%
2 Samuel
44%
Esther
44%
Revalation
44%
1 Chronicles
41%
2 Chronicles
41%
Isaiah
41%
Daniel
38%
Ezekiel
38%
Malachi
38%
Micah
38%
Ezra
34%
Philippians
34%
Ecclesiastes
31%
Galatians
31%
Hosea
31%
James
31%
Jude
31%
Lamentations
31%
Song of Songs
31%
Amos
28%
Ephesians
28%
Joel
28%
Jonah
28%
Nehemiah
28%
Obadiah
28%
1 Timothy
25%
2 Timothy
25%
Habakkuk
25%
Haggai
25%
Hebrews
25%
1 Thessalonians
22%
2 Thessalonians
22%
Colossians
22%
Nahum
22%
Titus
22%
Zechariah
22%
Zephaniah
22%
Philemon
16%
No matching quizzes found
Score Distribution
Percent of People with Each Score
Percentile by Number Answered
Your Score History
You have not taken this quiz